000 00583pab a2200157 454500
008 180718b1999 xxu||||| |||| 00| 0 eng d
100 _aPatil, R.H.
245 _aRisks of capital account convertibility
260 _c1999
300 _ap.213-17
362 _a16 and 23 Jan
520 _aThe experience of the east Asian countries has underscored the dangers of unregulated capital mobility so long as a country does not have the institutions to handle these flows efficiently. - Reproduced
650 _aCapital flow
773 _aEconomic and Political Weekly
909 _a40074
999 _c40074
_d40074